| 000 | 00392nam a2200157Ia 4500 | ||
|---|---|---|---|
| 008 | 220216s9999 xx 000 0 und d | ||
| 100 | _aJaggers H T | ||
| 245 | 0 | _aOptimizing compounds in the rubber industry | |
| 260 |
_bRubber World _c1996 |
||
| 300 | _a16-18 | ||
| 650 | _aRubber compound | ||
| 650 | _aRubberIndustry | ||
| 700 | _aRichards G A | ||
| 700 | _aVentresca J | ||
| 942 | _cJS | ||
| 999 |
_c64441 _d64441 |
||